Diary of a Wimpy Kid - All Books - Statistics

General Stats
  • This quiz has been taken 42 times
  • The average score is 13 of 22
Answer Stats
The Books % Correct
Diary of a Wimpy Kid
97%
Dog Days
91%
Rodrick Rules
91%
The Last Straw
82%
The Long Haul
79%
Cabin Fever
76%
Double Down
73%
Old School
73%
The Ugly Truth
73%
Wrecking Ball
73%
The Getaway
70%
The Third Wheel
70%
Hard Luck
67%
The Meltdown
67%
Big Shot
58%
The Deep End
58%
Diper Overlode
52%
Diary of an Awesome Friendly Kid
21%
Rowley Jefferson's: Awesome Friendly Adventure
12%
Rowley Jefferson's: Awesome Friendly Spooky Stories
12%
The Wimpy Kid Movie Diary
3%
The Wimpy Kid Movie Diary: The Next Chapter
3%
No matching quizzes found
Score Distribution
Percent of People with Each Score
Percentile by Number Answered
Your Score History
You have not taken this quiz